| 000 | 00453nam a2200157 i 4500 | ||
|---|---|---|---|
| 001 | 102146 | ||
| 003 | ES-MaACL | ||
| 005 | 20230906183042.0 | ||
| 007 | t| | ||
| 008 | 051104s1929 sp ||||1| spa d | ||
| 110 | 2 |
_aBanco Hispano-Colonial. _92131 |
|
| 245 | 1 | 0 |
_aMemoria correspondiente al ejercicio de 1928 / _cBanco Hispano Colonial. |
| 260 |
_aBarcelona : _bSuc. de Henrich, _c1929. |
||
| 300 |
_a14 p. ; _c27 cm. |
||
| 852 |
_aES-MaACL _j1725-F-15 |
||
| 999 |
_c102146 _d102146 |
||